| 000 | 00454nam a22001457a 4500 | ||
|---|---|---|---|
| 003 | SISC | ||
| 005 | 20161005163150.0 | ||
| 008 | 161005b xxu||||| |||| 00| 0 eng d | ||
| 020 | _a9781682851371 | ||
| 050 |
_aTK 7872.D48 _b.W798 2016 |
||
| 245 |
_aWireless sensor networks : _bfrom theory to applications / _cedited by Sharon Garner. |
||
| 260 |
_aNew York : _bWillford Press, _c2016. |
||
| 300 |
_a213 pages : _billustrations ; _c28 cm. |
||
| 942 |
_2lcc _cBK |
||
| 999 |
_c305152 _d305152 |
||